| 000 | 00904ncm a2200277 c 4500 | ||
|---|---|---|---|
| 003 | BLK | ||
| 005 | 20230801120854.0 | ||
| 008 | 180414b bul |a|er|||| |0| c|bulo| | ||
| 010 | _aNOT00001031000 | ||
| 040 | _aBLK | ||
| 041 |
_aBUL _cBUL |
||
| 080 |
_aСимфонии. За симфоничен оркестър _b785.11.082.1 _x _z785.11.082.1 |
||
| 100 |
_aНиколов, Лазар Костов _d1922-2005 _9388913 |
||
| 139 |
_aНиколов, Лазар Костов _bН 74 |
||
| 245 | 1 | 0 |
_aСимфония _b№ 1 _cЛазар Костов Николов. |
| 254 | _aПартитура | ||
| 257 | _aBGR | ||
| 260 |
_аСофия _bНаука и изкуство _c1969 |
||
| 300 |
_a160 с. _c22 см |
||
| 380 | _a7 | ||
| 852 |
_aЦБ М 975 _p0 |
||
| 856 | 4 |
_qpdf _u |
|
| 856 | 4 |
_qpdf _u |
|
| 942 |
_cNOT _n0 |
||
| 999 |
_c299471 _d299471 |
||
| 944 |
_k30556 _lТеодора Пейчева-Дянкова |
||